• 首页
  • 本馆介绍
  • 公告通知
  • 最新文献
  • 馆藏检索
  • 电子资源
  • 读者导购
  • 参考咨询
  • 我的图书馆
  • 登录
  • 详细信息显示
  • 放入我的书架
  • 预约/预借图书
  • 作者相关作品
  • 分类相关作品
  • 丛书相关作品
  • 出版社相关作品

书目信息

  • 表格格式
  • 工作单格式
  • 卡片格式
题名:
督查工作艺术
    
 
作者: 卿成 , 葛毅平 主编
分册:  
出版信息: 成都   电子科技大学出版社  1997
页数: 252页
开本: 21cm
丛书名: 现代秘书艺术全书
单 册:
中图分类: D262.6
科图分类:
主题词: 行政--监察--研究--中国 , 行政 , 监察
电子资源:
ISBN: 7-81043-563-9
000 00891oam2 2200289 45
001 01200620000019
005 20070705145540.45
010    @a7-81043-563-9@dCNY214.00(全10册)
092    @aCN@b493187
100    @a20060506e20051997em y0chiy0120 ea
101 0  @achi
102    @aCN@b510000
105    @ak z 000yy
200 1  @a督查工作艺术@9du cha gong zuo yi shu@f卿成,葛毅平主编
210    @a成都@c电子科技大学出版社@d1997@h2005重印
215    @a252页@d21cm
225 2  @a现代秘书艺术全书
330    @a本书主要内容:新时期秘书督察工作的兴起、把握督察工作特点、坚持督察工作原则、健全督察工作制度等。
461  0 @12001 @a现代秘书艺术全书
606 0  @a行政@x监察@x研究@y中国
606 0  @a行政
606 0  @a监察
690    @aD262.6@v4
701  0 @a卿成@9qing cheng@4主编
701  0 @a葛毅平@9ge yi ping@4主编
801  0 @aCN@bLZJBOOK@c20070705
905    @a10447@dD262.6@e153
    
    督查工作艺术/卿成,葛毅平主编.-成都:电子科技大学出版社,1997(2005重印)
    252页;21cm.-(现代秘书艺术全书)
    
    
    ISBN 7-81043-563-9:CNY214.00(全10册)
    本书主要内容:新时期秘书督察工作的兴起、把握督察工作特点、坚持督察工作原则、健全督察工作制度等。
●
相关链接 在E读中查询图书 在五车中查询图书 在当当中查询图书 在豆瓣中查询图书


正题名:督查工作艺术     索取号:D262.6/153         预约/预借

序号 登录号 条形码 馆藏地/架位号 状态 备注
1 0563973   205639736   第一样本阅览室/ [索取号:D262.6/153] 在馆    
2 0563974   205639745   密集书库/ [索取号:D262.6/153] 在馆    
3 0563975   205639754   密集书库/ [索取号:D262.6/153] 在馆    
4 0563976   205639763   第一借阅区/ [索取号:D262.6/153] 在馆    
5 0563977   205639772   第一借阅区/ [索取号:D262.6/153] 在馆    
6 0563978   205639781   第一借阅区/ [索取号:D262.6/153] 在馆    
7 0563979   205639790   第一借阅区/ [索取号:D262.6/153] 在馆    
8 0563980   205639807   密集书库/ [索取号:D262.6/153] 在馆    
唐山师范学院图书馆 欢迎您!
大连网信软件有限公司© 版权所有